Länder mit der größten menschlichen Entwicklung - Statistiken

Allgemein
  • Dieses Quiz wurde 272 mal gespielt
    216 seit der letzten Aktualisierung
  • Das Durchschnittsergebnis liegt bei 43 aus 66
Antwortstatistiken
# Land % Korrekt
9 Deutschland
97%
21 Vereinigte Staaten
94%
27 Spanien
92%
28 Frankreich
91%
19 Japan
91%
7 Schweden
91%
4 Hong Kong, China (SAR)
90%
11 Finnland
89%
15 Kanada
89%
2 Norwegen
89%
25 Österreich
87%
52 Russland
87%
30 Italien
86%
1 Schweiz
86%
6 Dänemark
84%
34 Polen
84%
13 Belgien
83%
10 Niederlande
83%
38 Portugal
83%
19 Südkorea
83%
18 Vereinigtes Königreich
82%
17 Luxemburg
81%
33 Griechenland
80%
32 Tschechien
79%
5 Australien
78%
3 Island
77%
8 Irland
75%
16 Liechtenstein
75%
31 Estland
74%
39 Lettland
74%
46 Ungarn
74%
40 Kroatien
72%
35 Litauen
72%
13 Neuseeland
71%
45 Slowakei
71%
23 Slowenien
70%
48 Türkei
67%
63 Serbien
65%
40 Andorra
64%
44 San Marino
61%
35 Saudi-Arabien
61%
12 Singapur
61%
23 Malta
60%
53 Rumänien
60%
47 Argentinien
59%
22 Israel
59%
26 Vereinigte Arabische Emirate
55%
66 Thailand
54%
42 Chile
51%
42 Katar
49%
29 Zypern
47%
60 Belarus
46%
49 Montenegro
42%
35 Bahrain
40%
50 Kuwait
40%
62 Malaysia
37%
54 Oman
37%
58 Uruguay
32%
56 Kasachstan
28%
58 Costa Rica
27%
63 Georgien
27%
61 Panama
26%
51 Brunei
21%
55 Bahamas
19%
63 Mauritius
9%
57 Trinidad und Tobago
8%
Keine übereinstimmenden Quizze gefunden
Verteilung der Resultate
Anzahl Personen mit jedem Resultat
Perzentil nach korrekt beantworteten Fragen
Ihre Resultats-Entwicklung
Sie haben dieses Quiz seit der letzten Aktualisierung nicht gespielt